India's educated women: Options and constraints (Record no. 1374699)

MARC details
000 -LEADER
fixed length control field 00564nam a2200193Ia 4500
005 - DATE AND TIME OF LATEST TRANSACTION
control field 20250508162144.0
008 - FIXED-LENGTH DATA ELEMENTS--GENERAL INFORMATION
fixed length control field 008 250505s9999 xx 000 0 eng d
037 ## - SOURCE OF ACQUISITION
Stock number Textual
040 ## - CATALOGING SOURCE
Original cataloging agency FEDL
Language of cataloging eng
Transcribing agency FEDL
041 ## - LANGUAGE CODE
Language code of text/sound track or separate title eng
Source of code eng
084 ## - COLON CLASSIFICATION NUMBER
Classification number 376, BLU
Assigning agency FEDL
100 ## - MAIN ENTRY--PERSONAL NAME
Personal name Blumberg Rhoda Lois
245 #0 - TITLE STATEMENT
Title India's educated women: Options and constraints
260 ## - PUBLICATION, DISTRIBUTION, ETC.
Place of publication, distribution, etc. Delhi, India
Name of publisher, distributor, etc. Hindustan Publishing Corporation
Date of publication, distribution, etc. 1980
300 ## - PHYSICAL DESCRIPTION
Extent ix,172p.
700 ## - ADDED ENTRY--PERSONAL NAME
Personal name Dwaraki Leela
9 (RLIN) 772454
942 ## - ADDED ENTRY ELEMENTS (KOHA)
Koha item type Textual
Classification part 376, BLU
Holdings
Withdrawn status Lost status Damaged status Not for loan Home library Current library Date acquired Total Checkouts Full call number Barcode Date last seen Price effective from Koha item type
        Department of Education Library Department of Education Library 2025-05-08   376, BLU EL0064803 2025-05-08 2025-05-08 Textual
Copyright @ Delhi University Library System